A sermon delivered at Trinity Church in Boston : before the annual convention of the Protestant Episcopal Church in Massachusetts, on Tuesday the 28th of May, 1799. /

Bibliographic Details
Main Author: Harris, William, 1765-1829
Corporate Author: Episcopal Church. Diocese of Massachusetts. Convention
Format: eBook
Language:English
Series:Early American imprints. Evans (1639-1800) ; no. 35594.
Subjects:
Online Access:Evans Digital Edition

MARC

Tag First Indicator Second Indicator Subfields
LEADER 00000cam a2200000 a 4500
001 in00002151521
006 m e d #
007 cr mn mmmmabba
008 811231s1799 mau s 000 0 eng d
005 20260330212105.7
035 |z t105350 
035 |z w029155 
035 |a MAAR8112313506B 
035 |9 mwa91-55272 
035 |a 337935 
035 |a aas03029155 
040 |a MWA  |c MWA  |e bdrb  |d UtOrBLW 
100 1 |a Harris, William,  |d 1765-1829. 
245 1 2 |a A sermon delivered at Trinity Church in Boston :  |b before the annual convention of the Protestant Episcopal Church in Massachusetts, on Tuesday the 28th of May, 1799. /  |c By William Harris, Rector of St. Michael's Church, Marblehead. 
264 3 |a Boston :  |b Printed by John & Thomas Fleet, Cornhill,  |c 1799. 
300 |a 22 pages, 2 unnumbered pages ;  |c 21 cm. (quarto) 
336 |a text  |b txt  |2 rdacontent 
337 |a computer  |b c  |2 rdamedia 
338 |a online resource  |b cr  |2 rdacarrier 
500 |a Half-title: Mr. Harris's sermon before the annual convention of the Protestant Episcopal Church, in Massachusetts. 
510 4 |a Evans  |c 35594 
530 |a Microform version available in the Readex Early American Imprints series. 
533 |a Electronic text and image data.  |b [Chester, Vt. :  |c Readex, a division of Newsbank, Inc.,  |d 2002-2004.  |e Includes files in TIFF, GIF and PDF formats with inclusion of keyword searchable text.  |f (Early American imprints. First series ; no. 35594). 
500 |a Electronic resource. 
655 7 |a Sermons  |y 1799.  |2 rbgenr 
710 2 |a Episcopal Church.  |b Diocese of Massachusetts.  |b Convention  |d (1799 :  |c Boston, Mass.) 
752 |a United States  |b Massachusetts  |d Boston. 
830 0 |a Early American imprints.  |n Series I,  |p Evans (1639-1800) ;  |v no. 35594. 
856 4 1 |u http://proxy.library.tamu.edu/login?url=https://opac.newsbank.com/select/evans/35594  |y Evans Digital Edition  |t 0 
999 |a MARS 
999 f f |s 516aa1aa-4991-375b-8a54-a0d2de828692  |i 36ee896f-e155-3441-b752-aafafde2a06c  |t 0 
952 f f |a Texas A&M University  |b College Station  |c Electronic Resources  |s www_evans  |d Available Online  |t 0  |h No information provided 
998 f f |t 0  |l Available Online